LEADER 00960nas a2200229 i 4500 001 000000235582 003 CaOOAMICUS 005 20141111000000.0 008 141111b2000 it uu u0 0ita r 013 $a214486 040 $aSeMil$bita 240 10$aIn te la nostra gloria ; Con gioia gli occhi chiuderò ; A te, Signore, la lode ; Uomini nuovi ; Acclamazioni battesimali ; Veni, Sancte Spiritus.$0(OLS)http://semarc/title/335832 245 10$a2000. 260 $aBologna :$bEDB,$c2000. 500 $aInserto redazionale al N.1/2000. 650 4$aMusica sacra - Liturgia.$0(OLS)http://semarc/subject/15970 773 0 $tMusica e Assemblea.$dBrescia : Queriniana, 1975-2015.$w()2501 850 $aSeMil 852 $aSeMil$W1$xVenegono$y1$m164 6 20/C$j185928$B185928$CSeMilBibl$Z2$F196831 $85 961 $aAbbonamento: EDB 996 $6245$a2000$9(OLS)http://semarc/title/191039 996 $6260$aBologna :$bEDB$9(OLS)http://semarc/publisher/29669 LEADER 00905nam a2200229 i 4500 001 000000185293 003 CaOOAMICUS 005 20100201000000.0 008 100201s1959 it u000 u fre u 013 $a163291 040 $aSeMil$bita 100 1 $aConilh, Jean.$0(OLS)http://semarc/name/39007 245 10$aPolitique et Religion /$cJean Conilh ... [et al.]. 260 $aParis :$bLibrairie Arthème Fayard,$c1959. 300 $a220 p. ;$c20 cm. 490 0 $aRecherches et debats ;$v26 650 4$aReligione e politica.$0(OLS)http://semarc/subject/3644 830 0$aRecherches et débats ;$v26.$0(OLS)http://semarc/title/15096 850 $aSeMil 852 $aSeMil$W1$xVenegono$y1$m3F II 115$j135984$B135984$CSeMilBibl$Z2$F147546 $81 996 $6245$aPolitique et Religion$9(OLS)http://semarc/title/266231 996 $6260$aParis :$bLibrairie Arthème Fayard$9(OLS)http://semarc/publisher/34003 LEADER 00994nam a2200229 i 4500 001 000000072578 003 CaOOAMICUS 005 20090402000000.0 008 090402s1968 it u000 u ita u 013 $a43750 040 $aSeMil$bita 100 1 $aEynard, Roberto.$0(OLS)http://semarc/name/35974 245 10$aCélestin Freinet e le tecniche cooperativisitiche /$cRoberto Eynard. 260 $aRoma :$bA. Armando,$c1968. 300 $a166 p. :$bill. ;$c20 cm. 490 0 $aEducatori e pedagogisti nell'opera e nell'azione ;$v14 650 4$aFreinet, Célestin <1896-1966>.$0(OLS)http://semarc/subject/14663 830 0$aEducatori e pedagogisti nell'opera e nell'azione ;$v14.$0(OLS)http://semarc/title/21405 850 $aSeMil 852 $aSeMil$W1$xVenegono$y1$m2Q I 431$j38731$B38731$CSeMilBibl$Z2$F38734 $81 996 $6245$aCélestin Freinet e le tecniche cooperativisitiche$9(OLS)http://semarc/title/117077 996 $6260$aRoma :$bA. Armando$9(OLS)http://semarc/publisher/30005 LEADER 00954nam a2200229 i 4500 001 000000124935 003 CaOOAMICUS 005 20040401000000.0 008 040401s1971 it u000 u ita u 013 $a97633 040 $aSeMil$bita 100 1 $aGaiffier, Baudouin : de.$0(OLS)http://semarc/name/51907 245 10$aRecherches d'hagiographie latine /$cPar Baudouin de Gaiffier. 260 $aBruxelles :$bSociété des Bollandistes,$c1971. 300 $a144 p. ;$c25 cm. 490 0 $aSubsidia hagiographica ;$v52 650 4$aAgiografia latina - Studi.$0(OLS)http://semarc/subject/24226 830 0$aSubsidia hagiographica ;$v52.$0(OLS)http://semarc/title/570 850 $aSeMil 852 $aSeMil$W1$xVenegono$y1$mSL1.S III 9$j79449$B79449$CSeMilBibl$Z2$F81588 $8I 996 $6245$aRecherches d'hagiographie latine$9(OLS)http://semarc/title/183938 996 $6260$aBruxelles :$bSociété des Bollandistes$9(OLS)http://semarc/publisher/29839 LEADER 01242nam a2200277 i 4500 001 000000333321 003 CaOOAMICUS 005 20210330114436.0 008 190410s2018 it u000 u mul u 013 $a209147 020 $a978-88-922-1476-7 040 $aSeMil$bita 041 $aita$agrc 245 00$aSapienza :$bintroduzione, traduzione e commento /$ca cura di Vittoria D'Alario. 260 $aCinisello Balsamo :$bSan Paolo,$c2018. 300 $a262 p. ;$c22 cm. 490 0 $aNuova versione della Bibbia dai testi antichi ;$v33 650 4$aBibbia. Antico testamento. Sapienza - Commentari, studi, critica, interpretazioni.$0(OLS)http://semarc/subject/2660 700 1 $aD'Alario, Vittoria.$0(OLS)http://semarc/name/20595 830 0$aNuova versione della Bibbia dai testi antichi ;$v33.$0(OLS)http://semarc/title/32532 850 $aSeMil 852 $aSeMil$W1$xVenegono$y1$m2XA E 33$j230496$B225436$CSeMilBibl$Z2$F225436 $81 996 $6020$a978-88-922-1476-7$9(OLS)http://semarc/number/287116 996 $6245$aSapienza :$bintroduzione, traduzione e commento$9(OLS)http://semarc/title/422724 996 $6260$aCinisello Balsamo :$bSan Paolo$9(OLS)http://semarc/publisher/30129